[Event "BRA-ch U18 Girls"]
[Site "Aracaju"]
[Date "2024.05.22"]
[Round "1"]
[White "Silva, Anne Elysabeth De A"]
[Black "Ricarte, Maria Alice Damasio"]
[Result "1-0"]
[WhiteElo "1684"]
[BlackElo "1787"]
[PlyCount "71"]
[EventDate "2024.05.22"]
[EventType "swiss"]
[EventRounds "6"]
[EventCountry "BRA"]
[SourceTitle "CBM 220 Extra"]
[Source "ChessBase"]
[SourceDate "2024.07.31"]
[SourceVersion "1"]
[SourceVersionDate "2024.07.31"]
[SourceQuality "1"]

1. d4 d5 2. Nf3 Bf5 3. Bg5 h6 4. Bh4 Nd7 5. e3 Ngf6 6. c4 e6 7. Nc3 Be7 8. Bxf6 Bxf6 9. Bd3 Bxd3 10. Qxd3 c6 11. 0-0 0-0 12. b3 Re8 13. Rad1 dxc4 14. Qxc4 Nb6 15. Qd3 Qc7 16. Qc2 e5 17. Rd2 exd4 18. Nxd4 Rad8 19. Rfd1 Qe7 20. h3 Qe5 21. Nce2 c5 22. Nf3 Qc7 23. Nf4 Be5 24. Rxd8 Rxd8 25. Rxd8+ Qxd8 26. Nxe5 Qe7 27. Nc4 Nd7 28. Nd2 b6 29. Qe4 Qf6 30. Qa8+ Nf8 31. Qxa7 Qb2 32. Nf1 b5 33. Qxc5 Qxa2 34. Qxb5 Nh7 35. Qb8+ Nf8 36. b4 1-0